书目信息 |
| 题名: |
中国书法鉴赏大辞典
|
|
| 作者: | 刘正成 主编 | |
| 分册: | ||
| 出版信息: | 北京 大地出版社 1989.10 |
|
| 页数: | 2册(1624页) | |
| 开本: | 26厘米 | |
| 丛书名: | ||
| 单 册: | ||
| 中图分类: | J292-61 , J292.1-61 | |
| 科图分类: | ||
| 主题词: | 法书--鉴赏--中国--词典 | |
| 电子资源: | ||
| ISBN: | 7-80068-064-9 | |
| 000 | 00783nam0 2200241 45 | |
| 001 | 0190009842 | |
| 005 | 20061114144840.93 | |
| 010 | @a7-80068-064-9@b精装@dCNY120.00(全二册) | |
| 100 | @a19921209d1989 em y0chiy0121 ea | |
| 101 | 0 | @achi |
| 102 | @aCN@b110000 | |
| 102 | @aCN@b710000 | |
| 105 | @ay e 001yy | |
| 200 | 10 | @a中国书法鉴赏大辞典@AZHONG GUO SHU FA JIAN SHANG DA CI DIAN@f刘正成主编@FLIU ZHENG CHENG ZHU BIAN |
| 210 | @a北京@c大地出版社@d1989.10 | |
| 215 | @a2册(1624页)@d26厘米 | |
| 540 | 1 | @a中国 书法 鉴赏 大辞典@AZHONG GUO SHU FA JIAN SHANG DA CI DIAN |
| 606 | @a法书@x鉴赏@y中国@x词典 | |
| 690 | @aJ292-61@v3 | |
| 690 | @aJ292.1-61@v三版 | |
| 701 | 0 | @a刘正成@ALIU ZHENG CHENG@4主编 |
| 801 | 0 | @aCN@bTSSF@c20061114 |
| 905 | @a10447@dJ292-61@e218:2 | |
| 中国书法鉴赏大辞典/刘正成主编.-北京:大地出版社,1989.10 |
| 2册(1624页);26厘米 |
| ISBN 7-80068-064-9(精装):CNY120.00(全二册) |
| ● |
| 相关链接 |
|
|
|
|
正题名:中国书法鉴赏大辞典
索取号:J292-61/218:2
 
预约/预借
| 序号 | 登录号 | 条形码 | 馆藏地/架位号 | 状态 | 备注 |
| 1 | 0225478 | 000696893 | 第一样本阅览室/ [索取号:J292-61/218:2] | 在馆 |